000 02311cam a2200433 a 4500
001 16457907
003 OSt
005 20210930153548.0
008 100914s2010 enkab b 001 0 eng
010 _a 2010282453
015 _aGBA9B5817
_2bnb
016 7 _a015433049
_2Uk
020 _a9780521197700 (hbk.)
020 _a0521197708 (hbk.)
020 _a9780521147231 (pbk.)
020 _a0521147239 (pbk.)
035 _a(OCoLC)ocn473454708
040 _aUKM
_cHU
_dBWKUK
_dBWK
_dYDXCP
_dBWX
_dAGL
_dDEBBG
_dCDX
_dTOH
_dDLC
042 _aukblcatcopy
_alccopycat
050 0 0 _aGF71
_b.H48 2010
082 0 4 _a304.25
_222
084 _a304.25
_2rvk
100 1 _aHetherington, Renée.
_98785
245 1 4 _aThe climate connection :
_bclimate change and modern human evolution /
_cRenée Hetherington, Robert G.B. Reid.
260 _aCambridge ;
_aNew York :
_bCambridge University Press,
_c2010.
300 _axviii, 422 p. :
_bill. (some col.), maps (some col.) ;
_c26 cm.
504 _aIncludes bibliographical references (p. 357-406) and index.
505 0 _a1. Introduction -- Pt. I. Early human history -- 2. From ape to human: the emergence of hominins -- 3. Human behavioural evolution -- 4. migrations and diaspora of Homo -- Pt. II. Climate during the last glacial cycle -- 5. Climate change over the last 135 000 years -- 6. effect of 135 000 years of changing climate on the global landscape -- Pt. III. interaction between climate and humans -- 7. interaction between climate and humans -- 8. Climate and agriculture -- 9. Climate and our future -- Appendices: The biological background to the story of evolution -- App. A. Evolutionary theory -- App. B. Developmental evolution -- App. C. Human adaptability: the physiological foundation.
650 0 _aHuman beings
_xEffect of climate on.
_98786
650 0 _aHuman evolution.
_98218
650 0 _aClimatic changes.
_96503
650 0 7 _aEvolution.
_2swd
_96983
650 0 7 _aKlimaänderung.
_2swd
_98787
650 0 7 _aMensch.
_2swd
_98788
700 1 _aReid, Robert G. B.,
_d1939-
_98789
906 _a7
_bcbc
_ccopycat
_d2
_encip
_f20
_gy-gencatlg
942 _2ddc
_cBOOKS
_n0
999 _c8139
_d8139